000 00855nam a2200217Ia 4500
999 _c40277
_d40277
001 6885
003 GE_BSU
005 20200130171853.0
008 181216s1970||||g |||||||||||||| || ||
040 _cGE_BSU
041 _ageo
080 _a821.353.1-1 გ-69
100 _aგორგილაძე, ზურაბ.
_93647
245 _aზღვასთან აკრეფილი კენჭები :
_bლექსები /
_cზურაბ გორგილაძე ; რედ. შ. ზოიძე.
264 _aბათუმი :
_bსაბჭ.აჭარა,
_c1970.
300 _a94 გვ. ;
_c16 სმ.
653 _aზღვასთან აკრეფილი კენჭები
653 _aლექსები
700 _aზოიძე, შ.
_eრედაქტორი
_92577
942 _cBK
_2udc